History - World History | 1 | 5 | 0 | 3 | 65 | 48 | 110.17 | 0 | 6 |
History - American History | 1 | 3 | 1 | 2 | 40 | 46 | 94.75 | 2 | 4 |
Beliefs | 0 | 3 | 0 | 1 | 30 | 109 | 124.00 | 1 | 3 |
World and Other Literature | 0 | 2 | 0 | 0 | 20 | 138 | 138.50 | 0 | 2 |
Fine Arts - Visual Fine Arts | 0 | 2 | 0 | 1 | 20 | 127 | 135.00 | 0 | 2 |
Literature - American Literature | 0 | 2 | 0 | 0 | 20 | 99 | 110.50 | 1 | 2 |
Social Science | 1 | 1 | 1 | 0 | 20 | 79 | 93.00 | 1 | 2 |
Philosophy | 0 | 2 | 1 | 2 | 15 | 125 | 133.50 | 1 | 2 |
Geography | 1 | 0 | 1 | 0 | 10 | 57 | 57.00 | 0 | 1 |
Literature - European Literature | 0 | 1 | 0 | 0 | 10 | 100 | 100.00 | 0 | 1 |
Other Academic | 0 | 1 | 0 | 0 | 10 | 109 | 109.00 | 0 | 1 |
Other Science: Earth Science | 0 | 1 | 0 | 0 | 10 | 145 | 145.00 | 0 | 1 |
Fine Arts - Auditory Fine Arts | 0 | 1 | 0 | 0 | 10 | 119 | 119.00 | 0 | 1 |
Ancient History and Archaeology | 0 | 1 | 0 | 1 | 10 | 132 | 132.00 | 0 | 1 |
Current Events | 0 | 1 | 1 | 0 | 5 | 76 | 76.00 | 0 | 1 |
History - European History | 0 | 1 | 2 | 0 | 0 | 112 | 112.00 | 1 | 1 |
British and Commonwealth History | 0 | 0 | 1 | 0 | -5 | | 0.00 | 0 | 0 |
Other Arts: Visual | 0 | 0 | 1 | 0 | -5 | | 0.00 | 0 | 0 |